| 000 | 00507pab a2200181 454500 | ||
|---|---|---|---|
| 008 | 180718b2016 xxu||||| |||| 00| 0 eng d | ||
| 100 | _aDongre, Ambrish | ||
| 245 | _aTrends in public expenditure on elementary education in India | ||
| 260 | _c2016 | ||
| 300 | _ap.23-25. | ||
| 362 | _a24 Sep | ||
| 650 | _aPublic expenditure - India | ||
| 650 | _aPrimary education - India | ||
| 650 | _aPrimary education | ||
| 700 | _aKapur, Avani | ||
| 773 | _aEconomic and Political Weekly | ||
| 909 | _a112431 | ||
| 999 |
_c112426 _d112426 |
||